000
00322nam a22001217a 4500
040
_c
HS
082
_a
036
100
_a
ហ៊ីង សាលីន
245
_a
Khmer literature : អក្សរសាស្ត្រខ្មែរ
260
_a
RUA
_b
ហ៊ីង សាលីន
_c
2008
300
_a
43p;
942
_c
KB
999
_c
10190
_d
10190